No comebacks and other stories : Intermediate level

Αποθηκεύτηκε σε:
Λεπτομέρειες βιβλιογραφικής εγγραφής
Κύριος συγγραφέας: Forsyth, Frederick 1938-
Μορφή: Βιβλίο
Γλώσσα:English
Δημοσίευση: Oxford : Heinemann, 1992
Θέματα:
Ετικέτες: Προσθήκη ετικέτας
Δεν υπάρχουν, Καταχωρήστε ετικέτα πρώτοι!

MARC

LEADER 00000nam a2200000 i 4500
001 1/23378
008 950316s1992 eng d
020 |a 0-435-27135-0 
035 |l 10022074 
040 |a GR-MY-UA  |b gre  |e aacr 
041 0 |a eng 
082 0 |a 428.64 
100 1 |a Forsyth, Frederick  |d 1938- 
245 1 0 |a No comebacks and other stories :  |b Intermediate level /  |c Frederick Forsyth 
260 |a Oxford :   |b Heinemann,   |c 1992 
650 0 0 |a English language  |x Readers. 
852 |a INST  |b CHIOS  |e 19950316  |h 428.64 FOR  |p 005200003840  |q 005200003840  |t BK  |y 0 
909 |a Χ  |b 037355